Statistics for Famous Classical Composers

Click here to take the quiz!

General Stats

  • This quiz has been taken 426 times
    (333 since last reset)
  • The average score is 21 of 44

Answer Stats

NationalityEraPeriodAnswer% Correct
GermanClassical / Romantic1770 - 1827Ludwig van Beethoven
94%
GermanBaroque1685 - 1750Johann Sebastian Bach
93%
AustrianClassical1756 - 1791Wolfgang Amadeus Mozart
93%
ItalianBaroque1678 - 1741Antonio Vivaldi
85%
Polish / FrenchRomantic1810 - 1849Frédéric Chopin
81%
RussianRomantic1840 - 1893Pyotr Ilyich Tchaikovsky
80%
German / BritishBaroque1685 - 1759George Frideric Handel
74%
HungarianRomantic1811 - 1886Franz Liszt
72%
AustrianClassical1732 - 1809Joseph Haydn
71%
GermanRomantic1833 - 1897Johannes Brahms
68%
ItalianRomantic1813 - 1901Giuseppe Verdi
66%
AustrianRomantic1797 - 1828Franz Schubert
65%
FrenchRomantic / Modern1862 - 1918Claude Debussy
64%
GermanRomantic1813 - 1883Richard Wagner
63%
CzechRomantic1841 - 1904Antonín Dvořák
61%
RussianModern1882 - 1971Igor Stravinsky
59%
NorwegianRomantic1843 - 1907Edvard Grieg
58%
GermanRomantic1810 - 1856Robert Schumann
58%
ItalianRomantic / Modern1858 - 1924Giacomo Puccini
55%
RussianRomantic / Modern1873 - 1943Sergei Rachmaninoff
55%
ItalianRomantic1792 - 1868Gioachino Rossini
50%
GermanRomantic / Modern1864 - 1949Richard Strauss
50%
AustrianRomantic1860 - 1911Gustav Mahler
49%
GermanRomantic1809 - 1847Felix Mendelssohn
48%
EnglishRomantic / Modern1857 - 1934Edward Elgar
44%
ItalianBaroque1567 - 1643Claudio Monteverdi
42%
ItalianRomantic1782 - 1840Niccolò Paganini
37%
EnglishBaroque1659 - 1695Henry Purcell
36%
RussianRomantic1839 - 1881Modest Mussorgsky
33%
ItalianBaroque1685 - 1757Domenico Scarlatti
30%
EnglishRomantic / Modern1874 - 1934Gustav Holst
30%
GermanBaroque1653 - 1706Johann Pachelbel
30%
AustrianRomantic1824 - 1896Anton Bruckner
25%
ItalianBaroque1653 - 1713Arcangelo Corelli
25%
FrenchRomantic / Modern1866 - 1925Erik Satie
23%
SpanishRomantic1860 - 1909Isaac Albéniz
21%
AustrianModern1874 - 1951Arnold Schoenberg
20%
ItalianClassical1750 - 1825Antonio Salieri
19%
GermanClassical1714 - 1787Christoph Willibald Gluck
17%
ItalianClassical1743 - 1805Luigi Boccherini
14%
SpanishModern1876 - 1946Manuel de Falla
14%
SpanishRomantic / Modern1867 - 1916Enrique Granados
11%
ItalianClassical1752 - 1832Muzio Clementi
11%
VenetianBaroque1692 - 1770Giuseppe Tartini
6%

Score Distribution

Percentile by Number Answered

Percent of People with Each Score

Your Score History

You have not taken this quiz since the last reset